Breeding and selection of rubber tree clones in Cote d'Ivoire: Assessment and prospects (1956-2016) (Record no. 75708)

MARC details
000 -LEADER
fixed length control field 00727nam a22001817a 4500
100 ## - MAIN ENTRY--AUTHOR NAME
Personal name Elabo, A.A.E.
245 ## - TITLE STATEMENT
Title Breeding and selection of rubber tree clones in Cote d'Ivoire: Assessment and prospects (1956-2016)
260 ## - PUBLICATION, DISTRIBUTION, ETC. (IMPRINT)
Name of publisher Natural Rubber Industry: An Asset for Socio-economic development and preservation of the Environment: Proceedings of the International Rubber Conference, IRC 2018, 22-23 October 2018, International Rubber Research and Development Board, Abidjan, Cote D' Ivoire, pp. 250-255.
650 ## - SUBJECT ADDED ENTRY--TOPICAL TERM
Topical Term IRCA
650 ## - SUBJECT ADDED ENTRY--TOPICAL TERM
Topical Term Corynespora
650 ## - SUBJECT ADDED ENTRY--TOPICAL TERM
Topical Term ISCT
700 ## - ADDED ENTRY--PERSONAL NAME
Personal name Gnagne, Y.M.
700 ## - ADDED ENTRY--PERSONAL NAME
Personal name Obouayeba, S.
700 ## - ADDED ENTRY--PERSONAL NAME
Personal name Akanvou, R.
700 ## - ADDED ENTRY--PERSONAL NAME
Personal name Demange, A.C.
942 ## - ADDED ENTRY ELEMENTS (KOHA)
Koha item type Articles
Holdings
Withdrawn status Lost status Damaged status Not for loan Home library Current library Date acquired Koha item type
        RRII Library RRII Library 28/10/2025 Articles